000 01467nam a2200445 i 4500
001 6661
003 KOSZ 005
005 20220322112729.0
008 980702s1994 pl a f f |000 0 pol
015 _aPB 1996/11362
020 _a8386123044
040 _aWA N
_cWA N
_dKOSZ 005/HR
046 _k1994
080 _a621.64/.69
080 _a628.1/.8
080 _a532
080 _a(075.8)
100 1 _aPiecuch, Tadeusz
_d(1946-2018)
_eAutor
245 1 0 _aTechnika hydroszlamowa /
_cTadeusz Piecuch.
260 _aKoszalin :
_bWydawnictwo Uczelniane Wyższej Szkoły Inżynierskiej,
_c1994.
300 _a258 s. :
_brys., wykr. ;
_c24 cm.
336 _2Rdacontent
_aTekst
_btxt
337 _2rdamedia
_aBez urządzenia pośredniczacego
_bn
338 _2rdacarrier
_aWolumin
_bnc
380 _aKsiążki
380 _aPublikacje dytdaktyczne
385 _mPoziom nauczania
_aSzkoły wyższe
388 _a1901-2000
388 _a1989-2000
504 _aBibliogr. przy rozdz.
650 4 _aPrzenośniki hydrauliczne
650 4 _aSedymentacja
650 4 _aMechanika płynów
650 4 _aFiltracja
655 4 _aPodręczniki akademickie
658 _aInżynieria i technika
710 2 _aWydawnictwo Uczelniane (Wyższa Szkoła Inżynierska ; Koszalin)
_4pbl.
856 _uhttp://koha.tu.koszalin.pl/cgi-bin/koha/opac-detail.pl?biblionumber=6661
_yKatalog online BPK
942 _2UKD
_cKS
999 _c6661
_d6661